Fundamentos de mercadotecnia/Kotler philip (Registro nro. 25512)
[ vista simple ]
| 000 -LÍDER | |
|---|---|
| fixed length control field | 00314nam a2200121 4500 |
| 050 ## - SIGNATURA TOPOGRAFICA DE LA BIBLIOTECA DEL CONGRESO (LC) | |
| Número de Clasificación | hf5415 k87T |
| 082 ## - NUMERO DE CLASIFICACION DECIMAL DEWEY | |
| Número de Clasificación | 658.83 k254f |
| 100 ## - ASIENTO PRINCIPAL--NOMBRE PERSONAL | |
| Nombre personal | Kotler philip |
| 245 ## - TÍTULO | |
| Título | Fundamentos de mercadotecnia/Kotler philip |
| 260 ## - PUBLICACIÓN, DISTRIBUCIÓN, ETC. (PIE DE IMPRENTA) | |
| Lugar de publicación, distribución, etc. | Mexico : prentice-hall |
| 300 ## - DESCRIPCIÓN FÍSICA | |
| Extensión | 654p/30cm. |
| 650 ## - ASIENTO SECUNDARIO DE MATERIA - TERMINO TEMÁTICO | |
| Término temático o nombre geográfico como elemento de entrada | 1.FUNDAMENTO SDE MERCADOTECNIA |
| No. biblioteca | No. biblioteca | Número de clasificación | Código de barras/Número de adquisición | Número de copia | Tipo de material |
|---|---|---|---|---|---|
| LUIS G. INCLAN | LUIS G. INCLAN | 658.83 k254f | 23146 | 29 | Libros |
